• 首页
  • 本馆介绍
  • 公告通知
  • 最新文献
  • 馆藏检索
  • 电子资源
  • 读者导购
  • 参考咨询
  • 我的图书馆
  • 登录
  • 详细信息显示
  • 放入我的书架
  • 预约/预借图书
  • 作者相关作品
  • 分类相关作品
  • 丛书相关作品
  • 出版社相关作品

书目信息

  • 表格格式
  • 工作单格式
  • 卡片格式
题名:
航母传奇
    
 
作者: 吴浩琦 编著
分册:  
出版信息: 太原   山西教育出版社  2016
页数: 206页
开本: 22cm
丛书名:
单 册:
中图分类: E925.671-49 , E925.671
科图分类:
主题词: 航空母舰--世界--通俗读物
电子资源:
ISBN: 978-7-5440-8318-8
000 01070nam0 2200265 450
001 7161
005 20180605095343.37
010    @a978-7-5440-8318-8@dCNY15.00
100    @a20160612d2016 em y0chiy50 ea
101 0  @achi
102    @aCN@b140000
105    @aa z 000yy
200 1  @a航母传奇@9hang mu chuan qi@b专著@dThe legend of aircraft carriers@zeng@f吴浩琦[等]编著
210    @a太原@c山西教育出版社@d2016
215    @a206页@c照片@d22cm
304    @a编著者还有:吴扬新、李宏、张国力
314    @a吴浩琦,男,毕业于北京理工大学、解放军通信学院,陆军上校。主要著作有《世界新概念武器大观》等。
330    @a本书以通俗的语言,记录了几次大规模的由航母主宰的大海战,并且记录了第二次世界大战日本失败的轨迹、美国胜利的辉煌。书中还收录了一些世界各国航母的趣闻轶事,以及精彩故事,以期让大家多了解一些航空母舰的知识。
510 1  @aLegend of aircraft carriers@zeng
606 0  @a航空母舰@y世界@j通俗读物
690    @aE925.671-49@v5
690    @aE925.671@v4
701  0 @a吴浩琦@9wu hao qi@4编著
801  0 @aCN@b91MARC@c20160705
905    @aMuseLib@dE925.671@e49
    
    航母传奇=The legend of aircraft carriers/吴浩琦[等]编著.-太原:山西教育出版社,2016
    206页:照片;22cm
    
    
    ISBN 978-7-5440-8318-8:CNY15.00
    本书以通俗的语言,记录了几次大规模的由航母主宰的大海战,并且记录了第二次世界大战日本失败的轨迹、美国胜利的辉煌。书中还收录了一些世界各国航母的趣闻轶事,以及精彩故事,以期让大家多了解一些航空母舰的知识。
●
相关链接 在E读中查询图书 在五车中查询图书 在当当中查询图书 在豆瓣中查询图书


正题名:航母传奇     索取号:E925.671/49         预约/预借

序号 登录号 条形码 馆藏地/架位号 状态 备注
1 1116709   211167093   第一样本阅览室/ [索取号:E925.671/49] 在馆    
2 1116710   211167100   教育系资料室/ [索取号:E925.671/49] 在馆    
3 1116711   211167119   教育系资料室/ [索取号:E925.671/49] 在馆    
4 1116712   211167128   第一借阅区/ [索取号:E925.671/49] 在馆    
唐山师范学院图书馆 欢迎您!
大连网信软件有限公司© 版权所有